[Event "Minsk op"]
[Site "Minsk"]
[Date "2022.08.09"]
[Round "7"]
[White "Emelchenkov, Ivan"]
[Black "Cherepov, Alexej"]
[Result "0-1"]
[WhiteElo "1809"]
[BlackElo "2191"]
[PlyCount "62"]
[EventDate "2022.08.03"]
[EventType "swiss"]
[EventRounds "9"]
[EventCountry "BLR"]
[SourceTitle "CBM 209 Extra"]
[Source "ChessBase"]
[SourceDate "2022.09.30"]
[SourceVersion "1"]
[SourceVersionDate "2022.09.30"]
[SourceQuality "1"]

1. e4 c5 2. Nf3 Nc6 3. d4 cxd4 4. Nxd4 e6 5. Nc3 Qc7 6. Be3 Nf6 7. Bd3 a6 8. 0-0 Ne5 9. h3 Bc5 10. f4 d6 11. Qe2 Ng6 12. Nb3 Bxe3+ 13. Qxe3 0-0 14. Rad1 b5 15. a3 Bb7 16. Nd4 Rfe8 17. f5 Ne5 18. g4 Qc5 19. g5 Nfg4 20. hxg4 Nxg4 21. Qf4 Qxd4+ 22. Kg2 exf5 23. Qxf5 Ne5 24. Rh1 Ng6 25. Rdf1 Re7 26. Qh3 Nf8 27. g6 fxg6 28. Rxf8+ Kxf8 29. Qxh7 Rf7 30. Rf1 Rxf1 31. Kxf1 Ke7 0-1